000 01229nam a2200421 a 4500
001 21964
003 CZ PrNK
005 20260316115132.0
007 ta
008 061120s2006 xr a b 000 j slo
015 _acnb001698360
020 _a8025204308
_q(váz.)
035 _a(OCoLC)85720339
040 _aOLA001
_bcze
_dABA001
_dBOA001
041 1 _aslo
_hcze
072 7 _a821-93
_xLiteratura pro děti a mládež (beletrie)
_2Konspekt
080 _a821-32
_2MRF
080 _a821-93
_2MRF
080 _a(0:82-32)
_2MRF
100 1 _aCmíral, Pavel,
_d1945-
_4aut
245 1 0 _aTarzan /
_crozpráva Pavel Cmíral
250 _a1. vyd.
260 _aV Prahe :
_bEgmont,
_c2006
300 _a64 s. :
_bbarev. il. ;
_c29 cm
490 1 _aKúzelná zbierka rozprávok
500 _aPřeloženo z češtiny
500 _aPodle anglického vyd.
500 _aNad názvem: Disney
655 7 _apříběhy
_2czenas
655 7 _apublikace pro děti
_2czenas
655 9 _astories
_2eczenas
655 9 _achildren's literature
_2eczenas
710 2 _aWalt Disney Enterprises
830 0 _aKúzelná zbierka rozprávok
901 _b9788025204306
_f1. vyd.
_o20070124
910 _aABA001
942 _2ddc
_cKLDE
_n0
999 _c21964
_d21964